header

The language of mathematics : (Record no. 265904)

MARC details
000 -LEADER
fixed length control field 01139pam a2200325 a 4500
001 - CONTROL NUMBER
control field 2143733
003 - CONTROL NUMBER IDENTIFIER
control field OSt
005 - DATE AND TIME OF LATEST TRANSACTION
control field 20260217132246.0
008 - FIXED-LENGTH DATA ELEMENTS--GENERAL INFORMATION
fixed length control field 980723s1998 nyuaf 001 0 eng
010 ## - LIBRARY OF CONGRESS CONTROL NUMBER
LC control number 98038019
020 ## - INTERNATIONAL STANDARD BOOK NUMBER
International Standard Book Number 071673379X
035 ## - SYSTEM CONTROL NUMBER
System control number 2143733
040 ## - CATALOGING SOURCE
Original cataloging agency DLC
Transcribing agency DLC
Modifying agency DLC
050 00 - LIBRARY OF CONGRESS CALL NUMBER
Classification number QA93
Item number .D4578 1998
082 00 - DEWEY DECIMAL CLASSIFICATION NUMBER
Classification number 510
Edition number 21
100 1# - MAIN ENTRY--PERSONAL NAME
Personal name Devlin, Keith J.
245 14 - TITLE STATEMENT
Title The language of mathematics :
Remainder of title making the invisible visible /
Statement of responsibility, etc Keith Devlin.
260 ## - PUBLICATION, DISTRIBUTION, ETC. (IMPRINT)
Place of publication, distribution, etc New York :
Name of publisher, distributor, etc W.H. Freeman,
Date of publication, distribution, etc c1998.
300 ## - PHYSICAL DESCRIPTION
Extent viii, 344 p., 16 p. of plates :
Other physical details ill. (some col.) ;
Dimensions 24 cm.
336 ## - CONTENT TYPE
Content type term text
Content type code txt
Source rdacontent
337 ## - MEDIA TYPE
Media type term unmediated
Media type code n
Source rdamedia
338 ## - CARRIER TYPE
Carrier type term volume
Carrier type code nc
Source rdacarrier
500 ## - GENERAL NOTE
General note Includes index.
650 #0 - SUBJECT ADDED ENTRY--TOPICAL TERM
Topical term or geographic name as entry element Mathematics
General subdivision Popular works.
906 ## - LOCAL DATA ELEMENT F, LDF (RLIN)
a 7
b cbc
c orignew
d 1
e ocip
f 19
g y-gencatlg
942 ## - ADDED ENTRY ELEMENTS (KOHA)
Source of classification or shelving scheme Library of Congress Classification
Koha item type Long Loan Books
Holdings
Withdrawn status Lost status Source of classification or shelving scheme Damaged status Not for loan Collection code Home library Current library Shelving location Date acquired Source of acquisition Total Checkouts Full call number Barcode Date last seen Price effective from Koha item type
    Library of Congress Classification     Non-fiction Rongo University Library Rongo University Library General Stacks 17/02/2026 Books for Africa, Donation   QA93 .D4578 1998 20261471 17/02/2026 17/02/2026 Long Loan Books

© 2026 Rongo University
Contact us: librarian | system librarian | Rongo university